| 000 | 00472nam a22001937a 4500 | ||
|---|---|---|---|
| 003 | MPLRDC | ||
| 005 | 20220104142947.0 | ||
| 008 | 210129b ||||| |||| 00| 0 eng d | ||
| 020 | _a957-8693-29-X | ||
| 082 | _a137.1 AX-6 | ||
| 100 | _aMASTER OSHO 奥修大师 | ||
| 245 |
_a金刚经 _c |
||
| 250 | _a初版 | ||
| 260 |
_a _b奥修出版社 _c1994 |
||
| 300 | _b平 | ||
| 490 | _a奥修心灵系列. 28 | ||
| 650 | _a印度哲学泛论 | ||
| 942 |
_cBK _o137.1 AX-6 |
||
| 999 |
_c35291 _d35281 |
||